Governors of Arkansas - Statistics

General Stats
  • This quiz has been taken 15 times
  • The average score is 11 of 47
Answer Stats
Hint Answer % Correct
1979-1981 Bill Clinton
100%
1983-1992 Bill Clinton
100%
2023- Sarah Huckabee Sanders
90%
1996-2007 Mike Huckabee
70%
2015-2023 Asa Hutchinson
40%
1897-1901 Daniel Webster Jones
40%
1971-1975 Dale Bumpers
30%
1981-1983 Frank Duward White
30%
2007-2015 Mike Beebe
30%
1955-1967 Orval Faubus
30%
1975-1979 David Pryor
20%
1852-1860 Elias Nelson Conway
20%
1873-1874 Elisha Baxter
20%
1909-1913 George Washington Donaghey
20%
1913-1917 George Washington Hayes
20%
1862-1865 Harris Flanagin
20%
1865-1868 Isaac Murphy
20%
1883-1885 James Henderson Berry
20%
1836-1840 James Sevier Conway
20%
1992-1996 Jim Guy Tucker
20%
1913 Joseph Taylor Robinson
20%
1885-1889 Simon Pollard Hughes Jr.
20%
1881-1883 Thomas James Churchill
20%
1844-1849 Thomas Stevenson Drew
20%
1925-1927 Tom Terral
20%
1967-1971 Winthrop Rockefeller
20%
1840-1844 Archibald Yell
10%
1874-1877 Augustus Hill Garland
10%
1945-1949 Benjamin Travis Laney
10%
1937-1941 Carl Edward Bailey
10%
1917-1921 Charles Hillman Brough
10%
1953-1955 Francis Cherry
10%
1928-1933 Harvey Parnell
10%
1860-1862 Henry Massey Rector
10%
1941-1945 Homer Martin Adkins
10%
1895-1897 James Paul Clarke
10%
1889-1893 James Philip Eagle
10%
1901-1907 Jeff Davis
10%
1927-1928 John Ellis Martineau
10%
1907 John Sebastian Little
10%
1849-1852 John Selden Roane
10%
1933-1937 Junius Marion Futrell
10%
1868-1871 Powell Clayton
10%
1949-1953 Sid McMath
10%
1921-1925 Thomas Chipman McRae
10%
1893-1895 William Meade Fishback
10%
1877-1881 William Read Miller
10%
No matching quizzes found
Score Distribution
Percent of People with Each Score
Percentile by Number Answered
Your Score History
You have not taken this quiz